Statistiques concernant Tous les clubs victimes de Karim Benzema

Cliquez ici pour prendre le quiz!

Statistiques générales

  • Ce quiz a été pris 378 fois
    (5 depuis la dernière actualisation)
  • Le résultat moyen est 10 sur 107

Statistiques - réponses

PaysClub% Correct
EspagneFC Barcelone16
100%
EspagneAtletico Madrid7
75%
EspagneFC Séville11
75%
FranceOlympique de Marseille4
75%
FranceParis Saint-Germain6
75%
FranceAS Saint-Étienne3
50%
EspagneAthletic Bilbao20
50%
EspagneCadiz2
50%
EspagneReal Sociedad9
50%
FranceAS Monaco1
25%
EspagneDeportivo Alavés9
25%
FranceFC Sochaux5
25%
TurquieGalatasaray5
25%
EspagneGirone5
25%
EspagneGrenade14
25%
AngleterreManchester City6
25%
FranceOGC Nice4
25%
EspagneRCD Majorque7
25%
EspagneReal Valladolid10
25%
EspagneSD Eibar9
25%
MoldavieSheriff Tiraspol2
25%
FranceSM Caen5
25%
FranceToulouse3
25%
EspagneUD Almeria7
25%
EspagneValence16
25%
Arabie SaouditeAbha3
0%
FranceAC Ajaccio1
0%
ItalieAC Milan1
0%
FranceAJ Auxerre5
0%
Pays-BasAjax Amsterdam4
0%
EgypteAl Ahly1
0%
Arabie SaouditeAl-Fayha1
0%
Arabie SaouditeAl-Hazem1
0%
Arabie SaouditeAl-Hilal1
0%
Arabie SaouditeAl-Khaleej1
0%
Arabie SaouditeAl-Okhdood1
0%
Arabie SaouditeAl-Riyadh1
0%
IraqAl-Shorta1
0%
Arabie SaouditeAl-Taawoun1
0%
Arabie SaouditeAl-Wehda1
0%
ChypreAPOEL Nicosie4
0%
FranceAS Nancy2
0%
ItalieAtalanta Bergame1
0%
Nouvelle-ZélandeAuckland City1
0%
AllemagneBayern Munich4
0%
EspagneBetis Séville8
0%
AllemagneBorussia Dortmund3
0%
AllemagneBorussia Monchengladbach3
0%
EspagneCD Alcoyano2
0%
EspagneCD Leganés5
0%
EspagneCD Tenerife2
0%
EspagneCelta Vigo12
0%
AngleterreChelsea6
0%
MexiqueClub América1
0%
MexiqueCruz Azul1
0%
RussieCSKA Moscou1
0%
TunisieCS Sfaxien1
0%
EspagneDeportivo La Corogne5
0%
CroatieDinamo Zagreb2
0%
UkraineDynamo Kiev1
0%
AllemagneEintracht Francfort1
0%
EspagneElche4
0%
EspagneEspanyol Barcelone12
0%
TunisieEspérance Tunis1
0%
SuisseFC Bâle1
0%
EspagneFC Cordoba2
0%
EspagneFC Getafe9
0%
FranceFC Lorient2
0%
FranceFC Metz4
0%
FranceFC Nantes2
0%
RoumanieFCSB3
0%
AllemagneFC Schalke3
0%
ItalieFiorentina2
0%
FranceGirondins de Bordeaux3
0%
FranceGrenoble F383
0%
EspagneHércules2
0%
ItalieInter Milan1
0%
JaponKashima Antlers1
0%
PologneLegia Varsovie1
0%
FranceLe Mans4
0%
AngleterreLiverpool6
0%
BulgarieLudogorets Razgrad1
0%
EspagneMalaga10
0%
SuèdeMalmö FF3
0%
AngleterreManchester United1
0%
FranceOlympique Lyonnais3
0%
EspagneRacing Santander4
0%
EcosseRangers Glasgow2
0%
EspagneRayo Vallecano11
0%
FranceRC Lens1
0%
FranceRC Strasbourg1
0%
EspagneReal Murcia1
0%
EspagneReal Zaragoza3
0%
NorvègeRosenborg1
0%
EspagneSD Huesca3
0%
UkraineShaktar Donetsk4
0%
EspagneSporting Gijon3
0%
PortugalSporting Portugal1
0%
ItalieSSC Naples1
0%
EspagneUD Las Palmas2
0%
EspagneUD Levante10
0%
EspagneUD Melilla1
0%
FranceUS Créteil-Lusitanos3
0%
AllemagneVfB Stuttgart1
0%
TchéquieViktoria Plzen3
0%
EspagneVillarreal9
0%
EspagneXerez1
0%

Distribution des résultats

Percentile par nombre de réponses

% des personnes avec chaque résultat

Votre développement - résultats

Vous n’avez pas pris ce quiz depuis la dernière actualisation